| 000 | 00708nam a2200217Ia 4500 | ||
|---|---|---|---|
| 003 | GCL | ||
| 008 | 140319s9999 xx 000 0 ara d | ||
| 040 |
_aGCL / _cGCL |
||
| 082 | 0 | 4 |
_a709.9567 _bج ف |
| 100 | 1 | _aجبرا ابراهيم جبرا | |
| 245 | 1 | 0 |
_aالفن العراقى المعاصر / _cجبرا ابراهيم جبرا |
| 260 |
_aالعراق : _bوزارة الاعلام العراقية ، _c1972 |
||
| 300 |
_a ؛ _c29 سم |
||
| 490 |
_aالسلسلة الفنية _v15 |
||
| 650 | 0 | 4 | _aالعصر الحديث |
| 650 | 0 | 4 | _aالفنون الجميلة |
| 650 | 0 | 4 | _aالنحت |
| 650 | 0 | 4 | _aالرسم |
| 650 | 0 | 4 | _aالفن الاسلامى - العراق |
| 942 |
_2ddc _cBK |
||
| 999 |
_c39402 _d39402 |
||